01548 a2200193 45000010006000000050017000060080041000230030015000640400040000790800022001192450047001410200022001882640029002103000026002395051036002650410008013011000024013097000021013336394520260521160827.0260521a1979 arg spa dAR-UNSa-BCEJYS aAR-UNSa-BCEJYSbspacAR-UNSa-BCEJYS a657xContabilidad10aFundamentos de contabilidad administrativa a978-968-18-0959-1 1aMéxico :bLimusac1979 axviii, 643 p.c24 cm. a1. Objetivos de la contabilidad administrativa - 2. Objetivos, restricciones y procesos de evaluación - 3. El presupuesto principal: Planeación de alternativas a corto plazo - 4. La presupuestación a corto plazo en un ambiente incierto - 5. Presupuestación por análisis especiales: planeación de costo-volumen-utilidad - 6. Presupuestación del capital: búsqueda de alternativas a largo plazo - 7. Complejidades adicionales de la planeación de proyectos - 8. Costeo del producto - La fabricación sobre pedido sobre pedido como alternativa - 9. Costeo del producto - El proceso como alternativa - 10. Costos conjuntos y transferencias interdivisionales - 11. Informes para el análisis de decisiones - 12. El control de la empresa - Contabilidad por áreas de responsabilidad - 13. Extensiones del control en las entidades económicas descentralizadas - 14. Costos estandar y medición de las variaciones - 15. Control administrativo en las entidades no lucrativas - 16. La contabilidad y el comportamiento -  aspa1 aCopeland, Ronald M.1 aDascher, Paul E.